Библиография Победы

“Убежден: опыт солидарности, партнерства в годы борьбы с общей угрозой — это наше бесценное наследие, прочная опора именно сейчас, когда набирает силу необратимое движение к более справедливому многополярному миру, основанному на принципах доверия и неделимой безопасности, равных возможностей для самобытного и свободного развития всех стран и народов.”

В.В. Путин

Каменный пояс (Запись № 38056)

Подробности
000 -МАРКЕР
контрольное поле 01533nam0a22003731 4500
001 - ИДЕНТИФИКАТОР ЗАПИСИ
контрольное поле rc\2813427
005 - ИДЕНТИФИКАТОР ВЕРСИИ
контрольное поле 20250806210906.0
035 ## - ДРУГИЕ СИСТЕМНЫЕ НОМЕРА
Идентификатор записи (NLR Aleph) 006939229
100 ## - ДАННЫЕ ОБЩЕЙ ОБРАБОТКИ
Данные общей обработки 20110915d1945 u y0rusy50 ca
101 0# - ЯЗЫК РЕСУРСА
Язык текста, звукозаписи и т.д. русский
102 ## - СТРАНА ПУБЛИКАЦИИ ИЛИ ПРОИЗВОДСТВА
Страна публикации российская федерация
105 ## - ПОЛЕ КОДИРОВАННЫХ ДАННЫХ: ТЕКСТОВЫЕ МАТЕРИАЛЫ, МОНОГРАФИЧЕСКИЕ
Кодированные данные о монографическом текстовом документе y z |||a|
200 1# - ЗАГЛАВИЕ И СВЕДЕНИЯ ОБ ОТВЕТСТВЕННОСТИ
Основное заглавие Каменный пояс
Сведения, относящиеся к заглавию [Рассказы]
Первые сведения об ответственности Николай Асанов
210 ## - ПУБЛИКАЦИЯ, РАСПРОСТРАНЕНИЕ И ДР.
Место издания, распространения и т.д. [Молотов]
Имя издателя, распространителя и т. д. Молотовск. обл. изд-во
Дата издания, распространения и т.д. 1945
Имя изготовителя тип. обл. изд. газ. "Звезда"
215 ## - ФИЗИЧЕСКАЯ ХАРАКТЕРИСТИКА
Специфическое обозначение материала и объем 155 с.
Размеры 10 см.
327 1# - ПРИМЕЧАНИЯ О СОДЕРЖАНИИ
Текст примечания Содерж.: Друг народа. Хозяин Красных гор. Сердце-Камень. Чудо на реке Ним. Два генерала. Делегат фронта. Свет под землей. Алмазы. Лось
464 #0 - АНАЛИТИЧЕСКИЙ УРОВЕНЬ
Встроенное поле 2000#$aДелегат фронта
464 #0 - АНАЛИТИЧЕСКИЙ УРОВЕНЬ
Встроенное поле 2000#$aДва генерала
464 #0 - АНАЛИТИЧЕСКИЙ УРОВЕНЬ
Встроенное поле 2000#$aСвет под землей
464 #0 - АНАЛИТИЧЕСКИЙ УРОВЕНЬ
Встроенное поле 2000#$aЛось
464 #0 - АНАЛИТИЧЕСКИЙ УРОВЕНЬ
Встроенное поле 2000#$aАлмазы
464 #0 - АНАЛИТИЧЕСКИЙ УРОВЕНЬ
Встроенное поле 2000#$aХозяин Красных гор
464 #0 - АНАЛИТИЧЕСКИЙ УРОВЕНЬ
Встроенное поле 2000#$aДруг народа
464 #0 - АНАЛИТИЧЕСКИЙ УРОВЕНЬ
Встроенное поле 2000#$aЧудо на реке Ним
464 #0 - АНАЛИТИЧЕСКИЙ УРОВЕНЬ
Встроенное поле 2000#$aСердце-Камень
700 #1 - ИМЯ ЛИЦА - ПЕРВИЧНАЯ ОТВЕТСТВЕННОСТЬ
Начальный элемент ввода Асанов
Часть имени, кроме начального элемента ввода Н.А.
Даты 1906-1974
Расширение инициалов личного имени Николай Александрович
801 #0 - ИСТОЧНИК ЗАПИСИ
Страна российская федерация
Организация NLR
Правила каталогизации psbo
801 #1 - ИСТОЧНИК ЗАПИСИ
Страна российская федерация
Организация ELAR
Источник данных rusmarc
852 ## - МЕСТОНАХОЖДЕНИЕ И ШИФР ХРАНЕНИЯ
Идентификатор организации NLR
Шифр хранения (Call Number) Л30 Г-3/270
942 ## - ДОПОЛНИТЕЛЬНЫЕ ЭЛЕМЕНТЫ ЗАПИСИ (АБИС)
Тип экземпляра АБИС Книга
945 ## - Информацию об издании предоставили:
Полное название организации, предоставившей материал Российская национальная библиотека
980 ## - КОЛЛЕКЦИЯ
Название коллекции Национальная библиография
980 ## - КОЛЛЕКЦИЯ
Название коллекции Библиография Победы

Нет доступных экземпляров.